000 00421nam a2200133Ia 4500
008 100328s9999 xx 000 0 und d
082 _b21070
100 _aआपटे ह.ना.
245 _aकुणी कुणाचे नव्हे
260 _bनागपूर
630 _aकुणी कुणाचे नव्हे
730 _aकुणी कुणाचे नव्हे
942 _cBOOK
999 _c515118
_d515115